Everything Dead Rails Quiz - Statistics

General Stats
  • This quiz has been taken 177 times
  • The average score is 11 of 20
Answer Stats
Hint Answer % Correct
Name of the game? dead rails
98%
How many melee weapons are there? 6
91%
How many guns are there? 8
89%
What is the name of the mine town? Sterling
81%
What is the most expensive class? Ironclad
78%
How many forts are there? 9
73%
What musical instrument is found in Dead Rails? Banjo
71%
What is the name of the secret Easter class? eggslinger
68%
Who is the final boss in the Easter mode? Easter Bunny
65%
Where do you find the Vampire Knife? The Castle
65%
What item lets you bring back a dead opposition? Jade Mask
54%
What is the outlaws captains name? Captain Prescott
53%
What is the rarest Passive mob? Unicorn
53%
What weapon is found at the fault in Fort Constitution? Cannon
47%
How expensive is the Packmaster class? 35 bonds
46%
What challenge do you complete for selling Tesla's body? Electric Remains
41%
What is the most expensive train? Armoured Train
31%
What are the developers names? RiccoMiller
24%
When was Dead Rails released? January, 2025
9%
How fast can the train go with the conductor class? 85 kph
4%
No matching quizzes found
Score Distribution
Percent of People with Each Score
Percentile by Number Answered
Your Score History
You have not taken this quiz